Pōtana. (Record no. 61897)
[ view plain ]
| 000 -LEADER | |
|---|---|
| fixed length control field | 00711cam a22002411 4500 |
| 001 - CONTROL NUMBER | |
| control field | sa 65001109 |
| 003 - CONTROL NUMBER IDENTIFIER | |
| control field | DLC |
| 005 - DATE AND TIME OF LATEST TRANSACTION | |
| control field | 20260227112107.0 |
| 008 - FIXED-LENGTH DATA ELEMENTS--GENERAL INFORMATION | |
| fixed length control field | 860923s1962 ii 000 0 telx |
| 010 ## - LIBRARY OF CONGRESS CONTROL NUMBER | |
| LC control number | sa 65001109 |
| 025 ## - OVERSEAS ACQUISITION NUMBER | |
| Overseas acquisition number | PL480:I-Te-668 |
| 035 ## - SYSTEM CONTROL NUMBER | |
| System control number | (OCoLC)15302337 |
| 040 ## - CATALOGING SOURCE | |
| Original cataloging agency | DLC |
| Transcribing agency | NN |
| Modifying agency | DLC |
| 042 ## - AUTHENTICATION CODE | |
| Authentication code | premarc |
| 050 00 - LIBRARY OF CONGRESS CALL NUMBER | |
| Classification number | PL4780.9.A49 |
| Item number | P6 |
| 100 2# - MAIN ENTRY--PERSONAL NAME | |
| Personal name | Āñjanēya Prasād, Pōlūri. |
| 245 10 - TITLE STATEMENT | |
| Title | Pōtana. |
| Statement of responsibility, etc. | Racana: Pōlūri Āñjanēya Prasād. |
| 260 ## - PUBLICATION, DISTRIBUTION, ETC. | |
| Place of publication, distribution, etc. | [Guṇṭūru?] |
| Name of publisher, distributor, etc. | Kollūru Paurulu; |
| -- | [pratulaku: Pōtana Granthamāla, Kollūru, |
| Date of publication, distribution, etc. | 1962?] |
| 300 ## - PHYSICAL DESCRIPTION | |
| Extent | vi, 53 p. |
| Dimensions | 19 cm. |
| 500 ## - GENERAL NOTE | |
| General note | In Telugu. |
| 500 ## - GENERAL NOTE | |
| General note | A poem. |
| 600 00 - SUBJECT ADDED ENTRY--PERSONAL NAME | |
| Personal name | Pōtana, |
| Dates associated with a name | active 15th century |
| Form subdivision | Poetry. |
No items available.